01158nam a2200193Ia 4500001001100000003001000011008004100021040002500062041001300087100003000100245004500130250001100175260009700186300002800283500026000311501011400571520026000685650001900945L933-43063IT-CnALBA170116s9999||||xx |||||||||||||| ||und|| aIT-CnALBAcIT-CnALBA aITALIANO aDE BIVORT J. DE LA SAUDEE 0aL'ANTIRELIGIONE COMUNISTA. (1917-1939).  a1a ed. a ROMA- MILANO - TORINObFRATELLI BOCCA EDIT. c1940 [1° Ed.:1940 - Ed.Ling.Originale: 1940] a170 p. (prefazione: 16) aPREFAZIONE DEL CONTE CARTON DE WIART. TRADUZIONE DI N. SAMMARTANO. COMUNISMO E CATTOLICESIMO. IL POTERE DEL COMUNISMO ANTIRELIGIOSO. PROGRESSO DEI MILITANTI. COMUNISMO DELL'URSS. FUORI DELL'URSS. IN FRANCIA IN SPAGNA. ALLEANZA BASCO COMUNISTA. CATTOLICI D aSocietà San Paolo EM - Piazza San Paolo, 14 - 12051 ALBA (CN) (non commercial uses only) ® Copyright 2017 aPREFAZIONE DEL CONTE CARTON DE WIART. TRADUZIONE DI N. SAMMARTANO. COMUNISMO E CATTOLICESIMO. IL POTERE DEL COMUNISMO ANTIRELIGIOSO. PROGRESSO DEI MILITANTI. COMUNISMO DELL'URSS. FUORI DELL'URSS. IN FRANCIA IN SPAGNA. ALLEANZA BASCO COMUNISTA. CATTOLICI D aNAZIONI ESTERE